Android port

Gespeichert in:
Bibliographische Detailangaben
1. Verfasser: Vydra, Jakub (Verfasst von)
Weitere Verfasser: Fodrek, Peter (Betreuung Doktorarbeit)
Format: Manuskript Buch
Sprache:Slowakisch
Veröffentlicht: 2015
Schlagworte:
Online-Zugang:http://is.stuba.sk/zp/portal_zp.pl?podrobnosti=96887
Tags: Tag hinzufügen
Keine Tags, Fügen Sie das erste Tag hinzu!

MARC

LEADER 00000ntm a22000003a 4500
001 stuzp49329
003 SK-STU
005 20160719153238.7
007 ta
008 150427s2015----xo-----f-mn---000-0-slo-d
040 |a STU  |b slo 
041 0 |a slo 
100 1 |a Vydra, Jakub  |u 031000  |4 aut  |U FEI Fakulta elektrotechniky a informatiky  |T FEI Ústav robotiky a kybernetiky  |X 47582  |U E011  |Y 356  |7 47582 
242 0 1 |a Android port  |y eng 
245 1 0 |a Android port 
260 |c 2015 
300 |a 47 s., príl.  |b CD-ROM 
650 4 |a android  |2 slo 
650 4 |a gpu  |2 slo 
650 4 |a port  |2 slo 
650 4 |a cpu  |2 slo 
650 4 |a opencl  |2 slo 
650 4 |a kernel  |2 slo 
650 4 |a port  |2 eng 
650 4 |a android  |2 eng 
650 4 |a cpu  |2 eng 
650 4 |a gpu  |2 eng 
650 4 |a kernel  |2 eng 
650 4 |a opencl  |2 eng 
700 1 |a Fodrek, Peter  |4 ths  |X 4968  |7 A000004968 
856 4 |u http://is.stuba.sk/zp/portal_zp.pl?podrobnosti=96887 
996 |b 284ER01696  |c E*Bc- 1696  |l EE31  |s P  |a 0  |w stuzp49329_0001 
SQL |a stuzp49329  |b DBP  |c SLO  |d Android port  |e 47582  |f Vydra, Jakub  |g 031000  |h 4968  |i Fodrek, Peter  |j 20150707  |k 77  |l 03  |m http://is.stuba.sk/zp/portal_zp.pl?podrobnosti=96887  |n B-PI  |o 5.2.14. automatizácia, 9.2.9. aplikovaná informatika